[Event "Odense Andersen op"]
[Site "Odense"]
[Date "2013.05.12"]
[Round "8"]
[White "Pedersen, Henrik Bolding"]
[Black "Sorensen, Alex"]
[Result "1-0"]
[WhiteElo "2125"]
[BlackElo "1933"]
[PlyCount "100"]
[EventDate "2013.05.08"]
[EventType "swiss"]
[EventRounds "9"]
[EventCountry "DEN"]
[SourceTitle "CBM 154 Extra"]
[Source "ChessBase"]
[SourceDate "2013.06.25"]
[SourceVersion "2"]
[SourceVersionDate "2013.06.25"]
[SourceQuality "1"]

1. e4 d5 2. exd5 Nf6 3. Nf3 Nxd5 4. d4 g6 5. Bc4 Bg7 6. 0-0 0-0 7. Bb3 Nc6 8. c3 Na5 9. Bc2 Nc4 10. Qe2 Nd6 11. Bb3 Nf5 12. a4 a5 13. Na3 b6 14. Ne5 Ba6 15. Bc4 Bxc4 16. Naxc4 c5 17. dxc5 bxc5 18. Qf3 e6 19. g3 Qc7 20. Re1 Nd6 21. Nxd6 Qxd6 22. Bf4 Nxf4 23. Qxf4 Rab8 24. Rad1 Bxe5 25. Qxe5 Qc6 26. Rd2 Qxa4 27. Qxc5 Rfd8 28. Rxd8+ Rxd8 29. Qb6 Rd5 30. b3 Qg4 31. c4 Rh5 32. Qb8+ Kg7 33. Re5 Rf5 34. Rxf5 Qxf5 35. h4 Qb1+ 36. Kg2 Qe4+ 37. Kh2 Qf3 38. Qe5+ Kg8 39. Qe3 Qf5 40. c5 Qd5 41. Qc3 Qf5 42. f3 Qb1 43. c6 Qa2+ 44. Kh3 Qf2 45. c7 Qf1+ 46. Kg4 h5+ 47. Kf4 e5+ 48. Kxe5 f6+ 49. Kf4 g5+ 50. hxg5 fxg5+ 1-0

[Event "Odense Andersen op"]
[Site "Odense"]
[Date "2012.05.20"]
[Round "9"]
[White "Johansen, Johnny Holler"]
[Black "Sorensen, Alex"]
[Result "1/2-1/2"]
[WhiteElo "1967"]
[BlackElo "1993"]
[PlyCount "40"]
[EventDate "2012.05.16"]
[EventType "swiss"]
[EventRounds "9"]
[EventCountry "DEN"]
[SourceTitle "CBM 148 Extra"]
[Source "ChessBase"]
[SourceDate "2012.06.22"]
[SourceVersion "1"]
[SourceVersionDate "2012.06.22"]
[SourceQuality "1"]

1. Nf3 Nf6 2. g3 g6 3. Bg2 Bg7 4. 0-0 c5 5. d3 d5 6. Nbd2 Nc6 7. e4 0-0 8. Re1 d4 9. a4 a5 10. Nc4 Nd7 11. e5 Nb6 12. Nfd2 Be6 13. Nxb6 Qxb6 14. f4 Nb4 15. Ne4 Rad8 16. b3 Nd5 17. Bd2 Nb4 18. Bxb4 cxb4 19. Nd2 Qc7 20. Qe2 Rd7 1/2-1/2

[Event "Fyn-ch"]
[Site "Odense"]
[Date "2010.03.25"]
[Round "5"]
[White "Sorensen, Alex"]
[Black "Aagaard, Gert"]
[Result "0-1"]
[WhiteElo "1988"]
[BlackElo "2099"]
[PlyCount "71"]
[EventDate "2010.01.14"]
[EventType "swiss"]
[EventRounds "7"]
[EventCountry "DEN"]
[SourceTitle "EXT 2018"]
[Source "ChessBase"]
[SourceDate "2017.10.13"]
[SourceVersion "1"]
[SourceVersionDate "2017.10.13"]
[SourceQuality "1"]

1. e4 c6 2. d4 d5 3. f3 dxe4 4. fxe4 Nf6 5. Nc3 Bg4 6. Nf3 e6 7. e5 Nd5 8. Ne4 Nb4 9. c3 Bxf3 10. gxf3 Qh4+ 11. Ke2 Nd5 12. Bg5 Qh5 13. c4 h6 14. cxd5 exd5 15. Nf6+ gxf6 16. Bxf6 Rg8 17. Qb3 b6 18. Re1 Qf5 19. h4 Rg3 20. Kf2 Qf4 21. h5 Rg8 22. Rh4 Qg3+ 23. Ke2 Nd7 24. Kd1 Nxf6 25. exf6+ Kd7 26. Rhe4 dxe4 27. Qxf7+ Kd8 28. fxe4 Bb4 29. Re2 Qd3+ 30. Kc1 Rf8 31. Qb7 Rc8 32. e5 Qc4+ 33. Kb1 Rf7 34. Qxc8+ Kxc8 35. Bh3+ Kb7 36. Re4 0-1